A qualitative analysis of adult incest survivors' responses to sexual involvement with therapists (Record no. 75490)

MARC details
000 -CABECERA
campo de control de longitud fija 00642nam a2200217 a 4500
005 - FECHA Y HORA DE LA ÚLTIMA TRANSACCIÓN
campo de control 20210219153400.0
008 - ELEMENTOS DE LONGITUD FIJA--INFORMACIÓN GENERAL
campo de control de longitud fija 991125n 000 0 eng u
035 ## - NÚMERO DE CONTROL DEL SISTEMA
Número de control de sistema UPN01000095403
100 ## - ASIENTO PRINCIPAL--NOMBRE PERSONAL
Nombre de persona Armsworth, Mary W.
222 ## - TÍTULO CLAVE
Título clave CHILD ABUSE AND NEGLECT :
Información calificativa THE INTERNATIONAL JOURNAL
245 ## - MENCIÓN DE TÍTULO
Título A qualitative analysis of adult incest survivors' responses to sexual involvement with therapists
300 ## - DESCRIPCIÓN FÍSICA
Extensión 541-554
362 ## - FECHAS DE PUBLICACIÓN Y/O DESIGNACIÓN SECUENCIAL
Fecha de publicación y/o designación secuencial 1990 14, no. 4
505 ## - NOTA DE CONTENIDO CON FORMATO PREESTABLECIDO
Nota de contenido con formato Agosto 1991
653 0# - TERMINO DE INDIZACION - NO CONTROLADO
Término no controlado ABUSO SEXUAL
653 0# - TERMINO DE INDIZACION - NO CONTROLADO
Término no controlado AUTOCONCEPTO
653 0# - TERMINO DE INDIZACION - NO CONTROLADO
Término no controlado INCESTO
653 0# - TERMINO DE INDIZACION - NO CONTROLADO
Término no controlado TRASTORNOS EMOCIONALES
904 ## - ELEMENTOS DE DATOS D LOCAL, LDD (RLIN)
a AC
b 033214
905 ## - TIPO DE MATERIAL
Tipo de material Articulo

No items available.